French Overseas Territories - Statistics

General Stats
  • This quiz has been taken 143 times
  • The average score is 11 of 23
Answer Stats
Location Territory % Correct
Indian Ocean Réunion
82%
South Pacific Ocean French Polynesia
76%
Antilles Guadeloupe
75%
Antiles Martinique
74%
South America French Guiana
72%
Mozambique Channel Mayotte
71%
Antilles Saint Martin
69%
South Pacific Ocean New Caledonia
65%
Antilles Saint Barthélemy
58%
South Pacific Ocean Wallis and Futuna
58%
Southeast of Canada Saint Pierre and Miquelon
55%
West of Mexico Clipperton
48%
South Indian Ocean Kerguelen Islands
39%
Mozambique Channel Europa
36%
Antarctica Adélie Land
32%
Southern Indian Ocean Crozet Islands
31%
Mozambique Channel Bassas da India
27%
Indian Ocean Amsterdam Island
25%
Mozambique Channel Juan de Nova
24%
Indian Ocean Saint-Paul Island
21%
Indian Ocean Tromelin Island
20%
Indian Ocean Glorioso Islands
16%
Mozambique Channel Banc du Geyser
15%
No matching quizzes found
Score Distribution
Percent of People with Each Score
Percentile by Number Answered
Your Score History
You have not taken this quiz